Présidents de la Ve République- Images. - Statistiques

Statistiques générales
  • Ce quiz a été pris 610 fois
  • Le résultat moyen est 8 sur 8
Statistiques - réponses
Par images Hint Réponse % Correct
1958-1969 Charles de Gaulle
99%
2017-... Emmanuel Macron
99%
2012-2017 François Hollande
99%
1995-2007 Jacques Chirac
99%
2007-2012 Nicolas Sarkozy
99%
1974-1981 Valéry Giscard d'Estaing
98%
1981-1995 François Mitterrand
97%
1969-1974 Georges Pompidou
97%
Aucun quiz correspondant
Distribution des résultats
% des personnes avec chaque résultat
Percentile par nombre de réponses
Votre historique - résultats
Vous n’avez pas pris ce quiz